Score 0/10 Timer 03:00
2 Plays Today
Hint Answer % Correct
Switzerland
98.1%
South Africa
97.8%
Saudi Arabia
95.6%
Netherlands
93.5%
Vatican City
90.2%
Cote d'Ivoire
87.5%
Afghanistan
82.7%
Philippines
82.3%
Burkina Faso
72.5%
Sierra Leone
65.1%
Come Together.
Have Fun.
All Virtual.
We all need to come together. Play Sporcle's virtual live trivia to have fun, connect with people, and get your trivia on. Join a live hosted trivia game for your favorite pub trivia experience done virtually. If a virtual private party is more your thing, go here for details.

You're not logged in!

Compare scores with friends on all Sporcle quizzes.
OR
Log In

Sporcle TV

Today on Sporcle TV


Watch our educational content, quiz creation guides, and fun videos on Sporcle TV.

Show Comments

Extras

Top Quizzes Today


Score Distribution

Paid Content

Your Account Isn't Verified!

In order to create a playlist on Sporcle, you need to verify the email address you used during registration. Go to your Sporcle Settings to finish the process.

Report this User

Report this user for behavior that violates our Community Guidelines.

Details: